01018cam a2200241 a 450000100100000000500170001000800410002704000300006808200160009810000390011424501470015326000920030030000240039250400570041650000360047365000310050965000260054070000360056691000280060204900090063095201200063999900170075900001090220200929162320.0800226s1988 cu a b f001 0 spa d aDO-SdBNPbspacDLCdBNPHU a595.7bZ39e1 aZayas Muñoz, Fernando de.92628910aEntomofauna cubana :btópicos entomológicos a nivel medio para uso didáctico /cFernando de Zayas Muñoz ; edición José A. Tamargo. aLa Habana, Cuba :bEditorial Científico-Técnica, Instituto Cubano del Libro,c1988. av. :bil. ;c29 cm. aIncluye referencias bibliográficas (p. [240]-244). aLa biblioteca posee el tomo VII 4aEntomologíaxCuba926290 4aInsectosxCuba9262911 aTamargo, José A.,eed.926292 aCatalogación derivada aBNGR 001054708MOaGRbGRcCTd2009-10-12iLF1l0o595.7 Z39ep10902-10r2020-06-25w2020-06-25y4ZPréstamo en sala c10641d10641